CAPLI: escala de abstracción de contenidos en el lenguaje escrito

Uloženo v:
Podrobná bibliografie
Hlavní autor: Myklebust, Helmer (autor)
Médium: Kniha
Jazyk:španělština
Vydáno: Madrid Projective Way 2014
Vydání:1a. ed
Témata:
Tagy: Přidat tag
Žádné tagy, Buďte první, kdo vytvoří štítek k tomuto záznamu!

MARC

LEADER 00000cam a2200000 a 4500
001 UCD1061
003 CL-VaPUC
008 160107e20140000sp |||||||||||||||||spa|d
020 |a 97884817986374 
082 0 4 |a 401.41  |b MYK  |2 21 
100 |a Myklebust, Helmer  |e autor  |9 584141 
245 1 0 |a CAPLI: escala de abstracción de contenidos en el lenguaje escrito 
250 |a 1a. ed 
300 |a 13 p 
942 |c BK 
945 |d 20160107 17:52:00  |a dcastane 
260 |a Madrid  |b Projective Way  |c 2014 
500 |a Incluye lámina en blanco y negro 
650 0 |a Análisis del discurso  |9 256696 
650 7 |a LENGUAJE ESCRITO  |2 CL-VaPUC  |9 454872 
650 0 |a Psicolingüística   |9 283371 
583 |a last modification  |c 20180820 05:07:21  |k Rodrigo Vera 
999 |c 362486  |d 362484 
952 |0 0  |1 0  |3 erb  |4 0  |6 401_410000000000000_MYK_2014  |7 0  |8 R  |9 473764  |a BIBEDU  |b BIBEDU  |c MCIRC  |i 5259002  |o 401.41 MYK 2014  |p 5259002  |r 2023-01-13  |w 2019-11-24  |y BK_R  |z Catalogado en:20160107  |k PAR